[Event "20th 4NCL Congress"]
[Site "Nottingham"]
[Date "2018.09.30"]
[Round "5"]
[Board "11"]
[White "Bagley, Andy J"]
[Black "Ruane, Brendan J"]
[Result "1/2-1/2"]
[WhiteElo "1829"]
[BlackElo "1871"]
[PlyCount "58"]
[EventDate "2018.09.28"]
[EventRounds "5"]
[EventCountry "ENG"]

1. d4 d5 2. c4 dxc4 3. e4 e5 4. Nf3 exd4 5. Qxd4 Qxd4 6. Nxd4 Bc5 7. Nb5 Na6 8.
Bxc4 c6 9. N5a3 Nf6 10. Bxa6 bxa6 11. Nc3 Bd4 12. O-O O-O 13. Ne2 Bb6 14. Ng3
Re8 15. Nc4 Bc5 16. Be3 Bxe3 17. Nxe3 Nxe4 18. Nxe4 Rxe4 19. Rfd1 Be6 20. Rac1
Rc8 21. Rxc6 Kf8 22. Rxa6 Rc7 23. b3 f5 24. Rad6 Re7 25. R6d4 Re5 26. Kf1 Kf7
27. Nd5 Rb7 28. Nf4 Bc8 29. Rd8 Rc7  1/2-1/2

[Event "20th 4NCL Congress"]
[Site "Nottingham"]
[Date "2018.09.30"]
[Round "5"]
[Board "12"]
[White "Somton, Anita"]
[Black "Ireland, David J"]
[Result "0-1"]
[WhiteElo "1787"]
[BlackElo "1892"]
[PlyCount "58"]
[EventDate "2018.09.28"]
[EventRounds "5"]
[EventCountry "ENG"]

1. e4 c5 2. Nc3 Nc6 3. f4 g6 4. Nf3 Bg7 5. Bb5 Nd4 6. O-O a6 7. Bd3 d6 8. Nxd4
cxd4 9. Ne2 b5 10. Qe1 Bb7 11. Qf2 Nf6 12. Ng3 O-O 13. h3 d5 14. e5 Ne4 15. Qe1
f5 16. b3 Qa5 17. Ne2 g5 18. Bxe4 $11 dxe4 19. Qg3 Qb6 20. Bb2 Rad8 21. d3 gxf4
22. Nxf4 Kh8 23. e6 Bf6 24. dxe4 Rg8 25. Qf2 fxe4 26. Rad1 e3 27. Qe2 Qc6 28.
Kh2 Be5 29. g4 Qe4  0-1

[Event "20th 4NCL Congress"]
[Site "Nottingham"]
[Date "2018.09.30"]
[Round "5"]
[Board "13"]
[White "Whitehead, Mark A"]
[Black "Ther, Mate"]
[Result "1/2-1/2"]
[WhiteElo "1945"]
[BlackElo "1759"]
[PlyCount "45"]
[EventDate "2018.09.28"]
[EventRounds "5"]
[EventCountry "ENG"]

1. e4 e5 2. Nf3 Nc6 3. Bb5 a6 4. Ba4 Nf6 5. O-O Nxe4 6. Re1 Nc5 7. Nxe5 Nxe5 8.
Rxe5+ Be7 9. Bb3 O-O 10. Bd5 c6 11. Bf3 d5 12. d4 Ne6 13. c3 Bd6 14. Re1 Ng5
15. Be2 Ne4 16. g3 f5 17. f4 Rf6 18. Nd2 Rg6 19. Bh5 Rh6 20. Bf3 Bd7 21. Bg2
Qc7 22. Nf3 Re8 23. Ne5  1/2-1/2

[Event "20th 4NCL Congress"]
[Site "Nottingham"]
[Date "2018.09.30"]
[Round "5"]
[Board "14"]
[White "Vann, Richard P"]
[Black "O'gorman, Brendan"]
[Result "1/2-1/2"]
[WhiteElo "1915"]
[BlackElo "1706"]
[PlyCount "64"]
[EventDate "2018.09.28"]
[EventRounds "5"]
[EventCountry "ENG"]

1. b3 d5 2. Bb2 c5 3. e3 Nc6 4. f4 e6 5. Nf3 Nf6 6. Be2 Be7 7. d3 O-O 8. Ne5
Nxe5 9. Bxe5 Nd7 10. Bb2 Bh4+ 11. g3 Bf6 12. Bxf6 Nxf6 13. O-O b6 14. Nd2 Bb7
15. a4 Qc7 16. Bf3 Rfd8 17. Qe2 Rac8 18. Qg2 h5 19. h3 g6 20. Rae1 Kg7 21. e4
dxe4 22. dxe4 Rd7 23. g4 hxg4 24. hxg4 Rcd8 25. Nc4 Ba6 26. g5 Ng8 27. Be2 Bxc4
28. Bxc4 Rd2 29. Re2 Rxe2 30. Qxe2 Qd6 31. Bd3 Qd4+ 32. Kg2 Ne7  1/2-1/2

[Event "20th 4NCL Congress"]
[Site "Nottingham"]
[Date "2018.09.30"]
[Round "5"]
[Board "15"]
[White "Reed, John"]
[Black "Davies, Sam"]
[Result "1-0"]
[WhiteElo "1902"]
[BlackElo "1698"]
[PlyCount "137"]
[EventDate "2018.09.28"]
[EventRounds "5"]
[EventCountry "ENG"]

1. d4 Nf6 2. Bg5 c6 3. Nf3 d5 4. e3 Bg4 5. Be2 e6 6. O-O Be7 7. Nbd2 O-O 8. h3
Bh5 9. c4 h6 10. Bh4 Nbd7 11. Qb3 b6 12. Rac1 c5 13. cxd5 Nxd5 14. Bxe7 Qxe7
15. Bb5 cxd4 16. Nxd4 Nc5 17. Qa3 Qh4 18. N2f3 Bxf3 19. Nxf3 Qb4 20. Qxb4 Nxb4
21. a3 Nbd3 22. Rc2 a6 23. Bxd3 Nxd3 24. Rd1 Nc5 25. b4 Ne4 26. Rc4 Nf6 27. Rc6
b5 28. Ne5 Rfc8 29. Rxc8+ Rxc8 30. Rd6 Rc1+ 31. Kh2 Ne4 32. Rxa6 Nxf2 33. Ra8+
Kh7 34. Nxf7 Rc3 35. Nd6 Rxe3 36. Nxb5 e5 37. Kg1 Nd1 38. Re8 Re1+ 39. Kh2 Re3
40. a4 Re4 41. a5 Rxb4 42. a6 Rxb5 43. a7 Ra5 44. a8=Q Rxa8 45. Rxa8 g5 46. Ra6
e4 47. Kg1 Nc3 48. Kf2 Nd5 49. Rd6 Nf4 50. Rd7+ Kg6 51. Re7 Kf5 52. g4+ Kf6 53.
Rxe4 Nxh3+ 54. Kf3 Nf4 55. Ra4 Ne6 56. Ra6 Ke5 57. Ke3 Kf6 58. Ke4 Kf7 59. Ke5
Nf8 60. Rxh6 Kg7 61. Ra6 Nh7 62. Kf5 Kf7 63. Ra7+ Kg8 64. Kg6 Nf8+ 65. Kxg5
Ne6+ 66. Kf6 Nf8 67. Ra8 Kh8 68. Rxf8+ Kh7 69. Rf7+  1-0

[Event "20th 4NCL Congress"]
[Site "Nottingham"]
[Date "2018.09.30"]
[Round "5"]
[Board "16"]
[White "Goodwin, Ed H"]
[Black "Di-Vetta, Andrew"]
[Result "1/2-1/2"]
[WhiteElo "1847"]
[BlackElo "1681"]
[PlyCount "112"]
[EventDate "2018.09.28"]
[EventRounds "5"]
[EventCountry "ENG"]

1. d4 Nf6 2. c4 e6 3. Nc3 Bb4 4. Nf3 b6 5. Bg5 h6 6. Bh4 Bb7 7. e3 g5 8. Bg3
Ne4 9. Qc2 a5 10. Bd3 f5 11. a3 Bxc3+ 12. bxc3 d6 13. O-O h5 14. h4 g4 15. Nd2
Nxd2 16. Qxd2 Nd7 17. d5 Qf6 18. e4 fxe4 19. Bxe4 Nc5 20. Bc2 O-O-O 21. Bf4
Rde8 22. Bg5 Qf7 23. Rad1 exd5 24. cxd5 Ba6 25. Rfe1 Rxe1+ 26. Rxe1 Re8 27.
Rxe8+ Qxe8 28. Qe3 Qxe3 29. Bxe3 Bd3 30. Bd1 Ne4 31. Bd4 Nd2 32. f3 gxf3 33.
gxf3 Nc4 34. a4 Nb2 35. Bb3 Kd7 36. f4 Ke7 37. Kf2 Kf7 38. f5 Bxf5 39. Ke3 Kg6
40. c4 Nd3 41. Bc2 Ne5 42. Bb3 Nd7 43. Kf4 Bb1 44. Bd1 Nc5 45. Ke3 Ba2 46. Bc2+
Kh6 47. Bxc5 bxc5 48. Kd3 Kg7 49. Kc3 Kf6 50. Bd3 Ke5 51. Be2 Bb1 52. Bxh5 Bf5
53. Be8 Kf4 54. h5 Kg5 55. Kd2 Bg4 56. Ke3 Bxh5  1/2-1/2

[Event "20th 4NCL Congress"]
[Site "Nottingham"]
[Date "2018.09.30"]
[Round "5"]
[Board "17"]
[White "Mcdonnell, James J"]
[Black "John, Adam"]
[Result "0-1"]
[WhiteElo "1835"]
[BlackElo "1585"]
[PlyCount "126"]
[EventDate "2018.09.28"]
[EventRounds "5"]
[EventCountry "ENG"]

1. e4 e6 2. d4 d5 3. Nd2 c5 4. exd5 exd5 5. Bb5+ Bd7 6. Qe2+ Qe7 7. Bxd7+ Nxd7
8. Ngf3 Qxe2+ 9. Kxe2 Ngf6 10. Re1 Be7 11. Kf1 Nf8 12. dxc5 Ne6 13. Nb3 O-O 14.
Be3 Rac8 15. c3 Rc7 16. Nbd4 Nxc5 17. Nb5 Rcc8 18. Nxa7 Ra8 19. Nb5 Rac8 20.
Bg5 Rfe8 21. Rad1 Nce4 22. Be3 Bc5 23. h3 Bxe3 24. Rxe3 Ng3+ 25. Kg1 Rxe3 26.
fxe3 Nf5 27. Rd3 Re8 28. Kf2 Ne4+ 29. Ke2 g6 30. Nc7 Rd8 31. Nxd5 Kg7 32. c4 h5
33. g4 hxg4 34. hxg4 Nfg3+ 35. Ke1 Rh8 36. Kd1 Nf2+ 37. Kc2 Nxd3 38. Kxd3 f5
39. gxf5 Nxf5 40. a4 Rc8 41. b4 Kh6 42. e4 Ng7 43. Ne5 Ne6 44. Nf7+ Kh5 45. Nd6
Rb8 46. a5 g5 47. Nf6+ Kh4 48. Nf5+ Kh3 49. Ne3 Rd8+ 50. Kc3 Nf4 51. b5 Rd3+
52. Kb4 Rxe3 53. a6 bxa6 54. bxa6 Re1 55. Kb5 Ra1 56. Kb6 Ne6 57. a7 g4 58.
Nxg4 Kxg4 59. Kb7 Nd8+ 60. Kb6 Kf4 61. c5 Kxe4 62. Kc7 Rxa7+ 63. Kxd8 Kd5  0-1

[Event "20th 4NCL Congress"]
[Site "Nottingham"]
[Date "2018.09.30"]
[Round "5"]
[Board "18"]
[White "Sheikh, Nasarullah"]
[Black "Wilson, Matthew R"]
[Result "1-0"]
[WhiteElo "1701"]
[BlackElo "1820"]
[PlyCount "51"]
[EventDate "2018.09.28"]
[EventRounds "5"]
[EventCountry "ENG"]

1. e4 c5 2. Nf3 e6 3. d4 cxd4 4. Nxd4 a6 5. Nc3 Qc7 6. Be2 Nf6 7. O-O Be7 8. f4
d6 9. Kh1 Nbd7 10. Bf3 Nb6 11. Qe1 O-O 12. Qg3 Kh8 13. Qf2 Bd7 14. g4 Bc6 15.
g5 Nfd7 16. Rg1 Rfe8 17. Rg3 g6 18. Rh3 d5 19. b3 dxe4 20. Nxe4 Bxe4 21. Bxe4
Bc5 22. Qh4 Nf8 23. Bb2 Kg8 24. Nf3 Nd5 25. Bxd5 exd5 26. Bf6  1-0

[Event "20th 4NCL Congress"]
[Site "Nottingham"]
[Date "2018.09.30"]
[Round "5"]
[Board "19"]
[White "Murphy, Ross"]
[Black "Obi, Marc On"]
[Result "0-1"]
[WhiteElo "1652"]
[BlackElo "1812"]
[PlyCount "72"]
[EventDate "2018.09.28"]
[EventRounds "5"]
[EventCountry "ENG"]

1. Nf3 f5 2. d4 Nf6 3. c4 e6 4. Nc3 Be7 5. g3 d6 6. Qc2 O-O 7. Bg2 a5 8. O-O
Nc6 9. e4 e5 10. dxe5 dxe5 11. exf5 Ng4 12. h3 Bxf5 13. Qd1 Nf6 14. Be3 Qe8 15.
Nh4 Be6 16. Nd5 Qc8 17. Kh2 Rd8 18. Nxe7+ Nxe7 19. Qe2 Nc6 20. Rfd1 Bf7 21. Qc2
Nd4 22. Bxd4 exd4 23. Nf5 Qe6 24. Nxd4 Qxc4 25. Qxc4 Bxc4 26. b3 Bd5 27. Bxd5+
Rxd5 28. Ne6 c6 29. Nf4 Re5 30. Rd3 g5 31. Ng2 Re2 32. Kg1 Rae8 33. Re3 R8xe3
34. Nxe3 Ne4 35. Nd1 Re1+ 36. Kg2 Nc3  0-1

[Event "20th 4NCL Congress"]
[Site "Nottingham"]
[Date "2018.09.30"]
[Round "5"]
[Board "20"]
[White "Homer, Neil S"]
[Black "Robinson, John K"]
[Result "0-1"]
[WhiteElo "1746"]
[BlackElo "1990"]
[PlyCount "52"]
[EventDate "2018.09.28"]
[EventRounds "5"]
[EventCountry "ENG"]

1. Nf3 Nf6 2. c4 e6 3. Nc3 b6 4. g3 Bb7 5. Bg2 Be7 6. O-O O-O 7. d3 d6 8. Bd2
Nbd7 9. Rc1 a5 10. b3 c5 11. Nb5 Qb8 12. Qc2 d5 13. a4 e5 14. e3 h6 15. Rfe1 e4
16. dxe4 dxe4 17. Nh4 Ne5 18. Nf5 Re8 19. Nxe7+ Rxe7 20. Re2 Nf3+ 21. Kh1 Qe5
22. h4 Qh5 23. Bc3 Ne8 24. Bxf3 exf3 25. Rd2 Qg4 26. Kh2 Bc8  0-1

[Event "20th 4NCL Congress"]
[Site "Nottingham"]
[Date "2018.09.30"]
[Round "5"]
[Board "21"]
[White "Sheikh, Anum"]
[Black "Graham, Neil"]
[Result "1/2-1/2"]
[WhiteElo "1686"]
[BlackElo "1779"]
[PlyCount "44"]
[EventDate "2018.09.28"]
[EventRounds "5"]
[EventCountry "ENG"]

1. e4 e5 2. Bc4 Nf6 3. d4 Nxe4 4. dxe5 Nc5 5. Nf3 Be7 6. O-O O-O 7. Nc3 c6 8.
a4 d5 9. exd6 Qxd6 10. Qe2 Be6 11. Be3 Bxc4 12. Qxc4 Qe6 13. Qxe6 Nxe6 $11 14.
Rad1 b6 15. Rfe1 Bf6 16. Nd4 Nxd4 17. Bxd4 Bxd4 18. Rxd4 Na6 19. Rd7 Rfe8 20.
Ree7 Rxe7 21. Rxe7 Kf8 22. Rd7 Ke8  1/2-1/2

[Event "20th 4NCL Congress"]
[Site "Nottingham"]
[Date "2018.09.30"]
[Round "5"]
[Board "22"]
[White "Potter, Steven"]
[Black "Webster, Vivien"]
[Result "1/2-1/2"]
[WhiteElo "1771"]
[BlackElo "1727"]
[PlyCount "79"]
[EventDate "2018.09.28"]
[EventRounds "5"]
[EventCountry "ENG"]

1. d4 g6 2. Bg5 Bg7 3. Nf3 Nf6 4. h4 d6 5. Bxf6 Bxf6 6. h5 Bg4 7. hxg6 hxg6 8.
Rxh8+ Bxh8 9. e3 Nd7 10. Qd3 c6 11. Nbd2 Qc7 12. O-O-O O-O-O 13. Be2 Bf5 14.
Qa3 Kb8 15. Ng5 Rf8 16. g4 Be6 17. f3 Bf6 18. Nxe6 fxe6 19. Qd3 Qa5 20. Kb1 g5
21. Nb3 Qb6 22. Rh1 Rh8 23. Rxh8+ Bxh8 24. Qh7 Qd8 25. Qf7 e5 26. d5 cxd5 27.
Qxd5 Nb6 28. Qb5 Bf6 29. a4 Qd7 30. Qxd7 Nxd7 31. c4 b6 32. Kc2 a5 33. Nd2 Nc5
34. b3 Kc7 35. e4 Kc6 $11 36. Kc3 Ne6 37. Bd1 Kc5 38. Nf1 Nf4 39. Ne3 e6 40.
Nc2  1/2-1/2

[Event "20th 4NCL Congress"]
[Site "Nottingham"]
[Date "2018.09.30"]
[Round "5"]
[Board "23"]
[White "Price, Andrew"]
[Black "Arlachova, Alexandra"]
[Result "1-0"]
[WhiteElo "1765"]
[BlackElo "1397"]
[PlyCount "67"]
[EventDate "2018.09.28"]
[EventRounds "5"]
[EventCountry "ENG"]

1. e4 e5 2. Bc4 Nc6 3. Nf3 Nf6 4. Nc3 Bc5 5. d3 d6 6. a3 Bg4 7. Be3 Bxf3 8.
Qxf3 Bd4 9. Qg3 Bxe3 10. fxe3 O-O 11. O-O Na5 12. Ba2 c5 13. Rf5 Qb6 14. Na4
Qc6 15. Rxf6 Qxa4 16. Raf1 Qd7 17. Rxf7 Rxf7 18. Rxf7 Qxf7 19. Bxf7+ Kxf7 20.
Qh3 h6 21. Qd7+ Kg8 22. Qxd6 c4 23. Qd5+ Kh7 24. Qxa5 cxd3 25. cxd3 b6 26. Qxe5
Rc8 27. Qf5+ g6 28. Qxc8 a5 29. Qd7+ Kg8 30. e5 Kf8 31. e6 Kg8 32. Qf7+ Kh8 33.
e7 h5 34. e8=Q#  1-0

[Event "20th 4NCL Congress"]
[Site "Nottingham"]
[Date "2018.09.30"]
[Round "5"]
[Board "24"]
[White "Llewellyn, Alan M"]
[Black "Bitlloch, Jordi"]
[Result "0-1"]
[WhiteElo "1470"]
[BlackElo "1765"]
[PlyCount "36"]
[EventDate "2018.09.28"]
[EventRounds "5"]
[EventCountry "ENG"]

1. c4 e5 2. Nc3 Nf6 3. Nf3 Nc6 4. g3 d5 5. cxd5 Nxd5 6. Bg2 Be6 7. O-O Be7 8.
d3 O-O 9. h4 h6 10. d4 exd4 11. Nxd4 Nxd4 12. Qxd4 Bf6 13. Qd3 Nxc3 14. bxc3
Qxd3 15. exd3 Bxc3 16. Bxb7 Bxa1 17. Ba3 Rab8 18. Bxf8 Rxb7  0-1

[Event "20th 4NCL Congress"]
[Site "Nottingham"]
[Date "2018.09.30"]
[Round "5"]
[Board "25"]
[White "Fisher, Neal"]
[Black "Radford, Mark Sr"]
[Result "0-1"]
[WhiteElo "1434"]
[BlackElo "1666"]
[PlyCount "152"]
[EventDate "2018.09.28"]
[EventRounds "5"]
[EventCountry "ENG"]

1. d4 f5 2. Bf4 Nf6 3. e3 d6 4. c3 g6 5. Nf3 Bg7 6. Qb3 e6 7. Ng5 Qe7 8. Nd2 h6
9. Nh3 Nc6 10. Bb5 Bd7 11. Nc4 a6 12. Bxc6 Bxc6 13. f3 Bd5 14. Qb4 Bxc4 15.
Qxc4 O-O 16. Bg3 Kh7 17. Nf4 Rfe8 18. O-O c6 19. Rae1 e5 20. dxe5 dxe5 21. Nh3
Rac8 22. Bh4 b5 23. Qb3 c5 24. c4 b4 25. Qc2 Qe6 26. b3 Kh8 27. Rd1 Rcd8 28.
Rxd8 Rxd8 29. Rd1 Rd6 30. Nf2 g5 31. Rxd6 Qxd6 32. Bxg5 hxg5 33. Qxf5 Qd2 34.
Qh3+ Nh7 35. Qc8+ Bf8 36. g3 Qxa2 37. Qe6 Qb2 38. Ng4 Qc1+ 39. Kg2 Qd2+ 40. Kh3
Qd6 41. Qxe5+ Qxe5 42. Nxe5 Kg7 43. Kg4 a5 44. Nd3 Bd6 45. f4 gxf4 46. exf4
Nf6+ 47. Kf5 Kf7 48. Nb2 Nh5 49. Ke4 Nf6+ 50. Kf5 Ke7 51. g4 Ne8 52. h4 Ng7+
53. Ke4 Ne6 54. f5 Nd4 55. Kd5 Nxb3 56. f6+ Kd7 57. h5 Bf4 58. Na4 Ke8 59. Ke4
Bc1 60. Kf5 Nd4+ 61. Kg6 b3 62. h6 Ne6 63. f7+ Ke7 64. h7 Nf8+ 65. Kg7 Nxh7 66.
Kxh7 Kxf7 67. Nc3 b2 68. Nb1 Ke6 69. Kg6 Ke5 70. Na3 Kd4 71. Kf5 Kc3 72. Ke4
Kb3 73. Nb1 a4 74. Kd3 a3 75. Nxa3 Kxa3 76. Kc2 Ka2  0-1

[Event "20th 4NCL Congress"]
[Site "Nottingham"]
[Date "2018.09.30"]
[Round "5"]
[Board "26"]
[White "Chen, Daniel Xingyu"]
[Black "Swales, Andrew"]
[Result "1/2-1/2"]
[WhiteElo "1248"]
[BlackElo "1592"]
[PlyCount "46"]
[EventDate "2018.09.28"]
[EventRounds "5"]
[EventCountry "ENG"]

1. e4 e5 2. Nf3 Nc6 3. Nc3 Bc5 4. Nxe5 Bxf2+ 5. Kxf2 Nxe5 6. d4 Ng6 7. Bc4 Nf6
8. Rf1 d6 9. Kg1 Be6 10. Bb3 Bxb3 11. axb3 h6 12. Qf3 O-O 13. Bxh6 gxh6 14.
Qxf6 Qxf6 15. Rxf6 Kg7 16. Raf1 Rae8 17. R6f3 a6 18. Rg3 c5 19. dxc5 dxc5 20.
Rf5 b6 21. Rd3 Re6 22. Rg3 Kh7 23. Rgf3 Ne5  1/2-1/2

[Event "20th 4NCL Congress"]
[Site "Nottingham"]
[Date "2018.09.30"]
[Round "5"]
[Board "27"]
[White "London, Nick J"]
[Black "Towers, Brian"]
[Result "1-0"]
[WhiteElo "1692"]
[BlackElo "1727"]
[PlyCount "69"]
[EventDate "2018.09.28"]
[EventRounds "5"]
[EventCountry "ENG"]

1. d4 e6 2. Nf3 f5 3. Bf4 Nf6 4. e3 d6 5. Be2 g6 6. h3 Bg7 7. O-O O-O 8. c4 Qe7
9. Nc3 Nc6 10. d5 Nd8 11. dxe6 Bxe6 12. Qc2 Bf7 13. Rfd1 Nc6 14. a3 Ne5 15. Nb5
a6 16. Nbd4 Ne4 17. Rac1 Rac8 18. b4 Rfd8 19. Nb3 g5 20. Bh2 h5 21. Nbd4 Qf6
22. Nxe5 dxe5 23. Nf3 Re8 24. Bd3 Bg6 25. c5 g4 26. Bc4+ Kh7 27. Nxe5 Rxe5 28.
Bxe5 Qxe5 29. Rd5 Qf6 30. hxg4 fxg4 31. Rcd1 Nc3 32. Rxh5+ Bh6 33. Rd7+ Qg7 34.
Rxg7+ Kxg7 35. Qxc3+  1-0

[Event "20th 4NCL Congress"]
[Site "Nottingham"]
[Date "2018.09.30"]
[Round "5"]
[Board "28"]
[White "Livesey, R  Nigel"]
[Black "Lohia, Sohum"]
[Result "1-0"]
[WhiteElo "1758"]
[BlackElo "1316"]
[PlyCount "93"]
[EventDate "2018.09.28"]
[EventRounds "5"]
[EventCountry "ENG"]

1. c4 Nf6 2. g3 e6 3. Nf3 d5 4. d4 c5 5. cxd5 exd5 6. Bg2 Nc6 7. O-O Be7 8. b3
O-O 9. Bb2 b6 10. Nbd2 Bb7 11. Rc1 Rc8 12. Re1 Re8 13. Nf1 Bf8 14. Ne3 Ne7 15.
dxc5 bxc5 16. Bxf6 gxf6 17. Nh4 Bh6 18. f4 Qd7 19. Qd3 d4 20. Bxb7 Qxb7 21.
Nef5 Bf8 22. Nd6 Qd7 23. Nxe8 Qxe8 24. e4 Qd7 25. e5 f5 26. Re2 Qe6 27. Rec2
Nd5 28. Qxf5 Ne3 29. Qxe6 fxe6 30. Rd2 Rd8 31. Nf3 Be7 32. Ne1 c4 33. bxc4 Bb4
34. Rd3 Bxe1 35. Rxe1 Nxc4 36. Red1 Nb2 37. Rxd4 Rxd4 38. Rxd4 a5 39. a4 Kf7
40. Kf1 h5 41. Ke2 Kg6 42. Kd2 h4 43. Kc2 Nxa4 44. Rxa4 hxg3 45. hxg3 Kf5 46.
Kd3 Kg4 47. Ke4  1-0